Hà Nội thanh lịch

সংরক্ষণ করুন:
গ্রন্থ-পঞ্জীর বিবরন
প্রধান লেখক: Hoàng Đạo Thúy
বিন্যাস: গ্রন্থ
ভাষা:Undetermined
প্রকাশিত: Hà Nội Giáo dục 1996
বিষয়গুলি:
ট্যাগগুলো: ট্যাগ যুক্ত করুন
কোনো ট্যাগ নেই, প্রথমজন হিসাবে ট্যাগ করুন!
Thư viện lưu trữ: Trung tâm Học liệu Trường Đại học Cần Thơ
LEADER 00483nam a2200169Ia 4500
001 CTU_22451
008 210402s9999 xx 000 0 und d
082 |a 915.97 
082 |b Th523 
100 |a Hoàng Đạo Thúy 
245 0 |a Hà Nội thanh lịch 
245 0 |c Hoàng Đạo Thúy 
260 |a Hà Nội 
260 |b Giáo dục 
260 |c 1996 
650 |a vietnam - hanoi - description and travel 
980 |a Trung tâm Học liệu Trường Đại học Cần Thơ